000
00286nam a22001337a 4500
008
170606b xxu||||| |||| 00| 0 eng d
020
_a
9780072968880
041
_a
eng
080
_2
14TH
_a
32
100
_a
18
101
_a
SHP
245
_a
TAKING SIDES
_c
MCKENNA,G
942
_2
udc
_c
BK
999
_c
16178
_d
16178